V Bratyslavi vidznačyly juvilej Ivana Franka

Bibliographic Details
Main Author: Follrichová, Mária, 1953- (Author)
Format: Article
Language:Ukrainian
Subjects:

MARC

LEADER 00000nab a2200000 a 4500
001 vtls011614125
003 SK-MaSNL
005 20260318124548.0
008 170227c2016 xo er n ||00 c0ukr
015 |a SNBRB2017/02 
038 |a SVKPOCL 
040 |a SVKPOCL  |b slo  |c SVKPOCL  |e AACR2 
041 0 |a ukr 
044 |a xo  |c SK 
080 |a 82:929:821.161.2  |2 2011 
080 |a 821.161.2:929  |2 2011 
080 |a 821.161.2-051  |2 2011 
080 |a 347.471(437.6):82:929  |2 2011 
080 |a 929 Franko, Ivan Jakovyč  |2 2011 
100 1 |a Follrichová, Mária,  |d 1953-  |4 aut  |9 231051 
245 1 0 |a V Bratyslavi vidznačyly juvilej Ivana Franka  |c Marija Follrich 
500 |a Franko Ivan pozri Franko, Ivan Jakovyč 
600 1 7 |a Franko, Ivan Jakovyč,  |d 1856-1916  |2 svkpocl  |9 118348 
648 7 |a 22.9.2016  |2 svkpocl  |9 1286407 
650 0 7 |a výročia a významné udalosti  |2 SNKPH  |9 16069 
650 0 7 |a literárno-hudobné podujatia  |2 svkpocl  |9 983361 
651 7 |a Bratislava (Slovensko)  |2 SNKPH  |9 14568 
773 0 |t Nove žyttja  |g Roč. 66, č. 20 (2016), s. [1] 
852 |a SVKPO  |b KIS3GCP 
958 |a UK 
958 |a BC 
958 |a UA 
958 |a SK 
999 |c 2556372  |d 2558302